Employability of BEE-SPED graduates in URS Cainta Academic Years 2012-2014 / (Record no. 80418)

MARC details
000 -LEADER
fixed length control field 01778nam a22003257a 4500
003 - CONTROL NUMBER IDENTIFIER
control field URS
005 - DATE AND TIME OF LATEST TRANSACTION
control field 20240606211121.0
008 - FIXED-LENGTH DATA ELEMENTS--GENERAL INFORMATION
fixed length control field 240507b |||||||| |||| 00| 0 eng d
050 ## - LIBRARY OF CONGRESS CALL NUMBER
Classification number BEED
Item number G355 2018
245 10 - TITLE STATEMENT
Title Employability of BEE-SPED graduates in URS Cainta Academic Years 2012-2014 /
Statement of responsibility, etc. Lanilyn E. Galindez [and four others].
260 #1 - PUBLICATION, DISTRIBUTION, ETC.
Date of publication, distribution, etc. [2018]
300 ## - PHYSICAL DESCRIPTION
Extent xii, 79 leaves :
Other physical details color illustrations ;
Dimensions 28 cm
336 ## - CONTENT TYPE
Source rdacontent
Content type term text
337 ## - MEDIA TYPE
Source rdamedia
Media type term unmediated
338 ## - CARRIER TYPE
Source rdacarrier
Carrier type term volume
500 ## - GENERAL NOTE
General note Undergraduate thesis (Elementary Education) - University of Rizal System, Cainta 2018
504 ## - BIBLIOGRAPHY, ETC. NOTE
Bibliography, etc. note Includes bibliographical references.
520 ## - SUMMARY, ETC.
Summary, etc. "The study was conducted to determine the Employability of BEE-SPED Graduates in URS Cainta from Academic Years 2012-2014. This study alms to help the university meet certain qualifications set by companies and organization in order for the graduates to be hired." -- Abstract
524 ## - PREFERRED CITATION OF DESCRIBED MATERIALS NOTE
Preferred citation of described materials note Galindez, L. E., [and four others]. (2018). Employability of BEE-SPED graduates in URS Cainta Academic Years 2012-2014. University of Rizal System.
546 ## - LANGUAGE NOTE
Language note In English text.
650 #0 - SUBJECT ADDED ENTRY--TOPICAL TERM
Topical term or geographic name entry element Elementary Education
Form subdivision Thesis, Academic.
700 1# - ADDED ENTRY--PERSONAL NAME
Personal name Galindez, Lanilyn E.,
Relator term researcher.
700 1# - ADDED ENTRY--PERSONAL NAME
Personal name Josue, Janelle F.,
Relator term researcher.
700 1# - ADDED ENTRY--PERSONAL NAME
Personal name Lorenzo, Ansherina C.,
Relator term researcher.
700 1# - ADDED ENTRY--PERSONAL NAME
Personal name Pescador, Josepin T.,
Relator term researcher.
700 1# - ADDED ENTRY--PERSONAL NAME
Personal name Salvador, Janine B.,
Relator term researcher.
856 ## - ELECTRONIC LOCATION AND ACCESS
Materials specified Online Request for Student Unpublished Works
Uniform Resource Identifier <a href="https://docs.google.com/forms/d/e/1FAIpQLSdtj_eCncT3hgTIbOB8g-3uMYPTK14UGxs8cj-GqWFJPmnTLA/viewform">https://docs.google.com/forms/d/e/1FAIpQLSdtj_eCncT3hgTIbOB8g-3uMYPTK14UGxs8cj-GqWFJPmnTLA/viewform</a>
856 ## - ELECTRONIC LOCATION AND ACCESS
Materials specified Click here to access online
Uniform Resource Identifier <a href="https://drive.google.com/file/d/1Ugk3JwALKGbkHwXhv8j4m3ESHs1hUlfI/view?usp=drive_link">https://drive.google.com/file/d/1Ugk3JwALKGbkHwXhv8j4m3ESHs1hUlfI/view?usp=drive_link</a>
942 ## - ADDED ENTRY ELEMENTS (KOHA)
Source of classification or shelving scheme Library of Congress Classification
Koha item type Theses and dissertations
Holdings
Withdrawn status Source of classification or shelving scheme Damaged status Not for loan Collection code Home library Current library Shelving location Date acquired Source of acquisition Total Checkouts Full call number Barcode Date last seen Copy number Price effective from Koha item type
  Library of Congress Classification     Non-fiction Cainta College Library Cainta College Library Undergraduate Theses 05/07/2024 Donation   BEED G355 2018 URSCAI-UGT0678 05/07/2024 c.1 05/07/2024 Theses and dissertations

University of Rizal System
Email us at univlibservices@urs.edu.ph

Visit our Website www.urs.edu.ph/library